MARC details
| 000 -LEADER |
| fixed length control field |
01282cam a2200325 i 4500 |
| 003 - CONTROL NUMBER IDENTIFIER |
| control field |
TR-AnTOB |
| 005 - DATE AND TIME OF LATEST TRANSACTION |
| control field |
20220516114504.0 |
| 007 - PHYSICAL DESCRIPTION FIXED FIELD--GENERAL INFORMATION |
| fixed length control field |
ta |
| 008 - FIXED-LENGTH DATA ELEMENTS--GENERAL INFORMATION |
| fixed length control field |
210706b |||| ||||o10| 0 tur d |
| 040 ## - CATALOGING SOURCE |
| Original cataloging agency |
TR-AnTOB |
| Language of cataloging |
eng |
| Description conventions |
rda |
| Transcribing agency |
TR-AnTOB |
| Modifying agency |
TR-AnTOB |
| 041 0# - LANGUAGE CODE |
| Language code of text/sound track or separate title |
Türkçe |
| 050 #4 - LIBRARY OF CONGRESS CALL NUMBER |
| Item number |
TN730 |
| Classification number |
.Y85 1975 |
| 090 ## - LOCALLY ASSIGNED LC-TYPE CALL NUMBER (OCLC); LOCAL CALL NUMBER (RLIN) |
| Classification number (OCLC) (R) ; Classification number, CALL (RLIN) (NR) |
TN730 |
| Local cutter number (OCLC) ; Book number/undivided call number, CALL (RLIN) |
.Y85 1975 |
| 130 ## - MAIN ENTRY--UNIFORM TITLE |
| Name of part/section of a work |
Yüksek sıcaklıklarda çelik, prinç, bakır ve aliminyum malzemelerinin plastik özelliklerinin bulunması : proje no :MAG-291 |
| 245 00 - TITLE STATEMENT |
| Title |
Yüksek sıcaklıklarda çelik, pirinç, bakır ve aluminyum malzemelerinin plastik özelliklerinin bulunması : |
| Remainder of title |
proj no.: MAG-291/A / |
| Statement of responsibility, etc. |
proje yürütücüsü Asos. Prof. Dr. Bilgin Kaftanoğlu ; yardımcı araştırıcı Müh. Kenan Sıvacı. |
| 264 #1 - PRODUCTION, PUBLICATION, DISTRIBUTION, MANUFACTURE, AND COPYRIGHT NOTICE |
| Place of production, publication, distribution, manufacture |
Ankara: |
| Name of producer, publisher, distributor, manufacturer |
TÜBıTAK Mühendislik Araştıırma Grubu, |
| Date of production, publication, distribution, manufacture, or copyright notice |
1975 |
| 300 ## - PHYSICAL DESCRIPTION |
| Extent |
96 pages : |
| Other physical details |
graphics ; |
| Dimensions |
22 cm |
| 336 ## - CONTENT TYPE |
| Source |
rdacontent |
| Content type term |
text |
| Content type code |
txt |
| 337 ## - MEDIA TYPE |
| Source |
rdamedia |
| Media type term |
unmediated |
| Media type code |
n |
| 338 ## - CARRIER TYPE |
| Source |
rdacarrier |
| Carrier type term |
volume |
| Carrier type code |
nc |
| 490 0# - SERIES STATEMENT |
| Series statement |
TBTAK yayınları ; |
| Volume/sequential designation |
No.: 296. |
| Series statement |
MAG ;Seri No. ; |
| Volume/sequential designation |
30 |
| 504 ## - BIBLIOGRAPHY, ETC. NOTE |
| Bibliography, etc. note |
Includes bibliographical references. |
| 650 #7 - SUBJECT ADDED ENTRY--TOPICAL TERM |
| Topical term or geographic name entry element |
Çelik |
| Source of heading or term |
etuturkob |
| 9 (RLIN) |
8740 |
|
| Topical term or geographic name entry element |
Bakır |
| Source of heading or term |
etuturkob |
| 9 (RLIN) |
78548 |
| 653 ## - INDEX TERM--UNCONTROLLED |
| Uncontrolled term |
Pirinç eşyalar |
|
| Uncontrolled term |
Alüminyum |
| 942 ## - ADDED ENTRY ELEMENTS (KOHA) |
| Source of classification or shelving scheme |
Library of Congress Classification |
| Koha item type |
Book |